Geography Quiz

Random Geography or World Quiz
Score 0/197 Timer 01:30
3 Plays Today
% Correct
Mexico City(2357)
88.8%
Washington, D.C.(2325)
88.6%
Havana(810)
77.9%
Ottawa(3052)
77%
Brasilia(4922)
73.4%
London(7543)
71.9%
Panama City(1048)
70.8%
Moscow(9799)
69.5%
Caracas(1358)
68.6%
Bogotá(1511)
68.3%
Paris(7734)
68.2%
Rome(8636)
67.8%
Lima(3347)
67.4%
Beijing(13445)
67.4%
Port-Au-Prince(480)
67.1%
Canberra(15132)
66.9%
Nassau(785)
65.8%
Cairo(10659)
65.7%
Tokyo(12927)
65.6%
Madrid(7318)
65.4%
Santo Domingo(729)
64.7%
Quito(2034)
64.2%
Berlin(8451)
64%
San Jose(1195)
64%
Buenos Aires(6174)
63.7%
San Salvador(1413)
63.4%
Guatemala City(1510)
63.4%
Oslo(8156)
63.2%
Lisbon(6859)
63.1%
Managua(1207)
62.9%
Santiago(5766)
62.9%
Georgetown(2378)
62.6%
Belmopan(1270)
62.4%
New Delhi(14142)
62.3%
Tegucigalpa(1194)
62%
Pretoria(12345)
61.8%
Bridgetown(1923)
61.6%
La Paz(3958)
61.4%
Dublin(7133)
61.4%
Port of Spain(1842)
61.3%
Wellington(12852)
61.2%
Rabat(7091)
61.1%
Ankara(10318)
61.1%
Saint John's(1591)
61%
Reykjavik(6558)
61%
Stockholm(8573)
60.8%
Kingstown(1755)
60.8%
Castries(1750)
60.7%
Helsinki(8916)
60.7%
Algiers(7947)
60.6%
Nairobi(12561)
60.6%
Roseau(1672)
60.6%
Athens(9679)
60.6%
Tunis(8569)
60.6%
Amsterdam(7882)
60.6%
Paramaribo(2710)
60.6%
Bern(8136)
60.5%
Montevideo(6283)
60.5%
Vienna(8764)
60.4%
Warsaw(8960)
60.4%
Jakarta(18660)
60.3%
Dakar(6323)
60.3%
Freetown(6941)
60.3%
Saint George's(1749)
60.2%
Copenhagen(8333)
60.2%
Seoul(13367)
60.2%
% Correct
Brussels(7859)
60.2%
Kinshasa(10391)
60.2%
Jerusalem(10917)
60.2%
Basseterre(1497)
60.2%
Vatican City(8632)
60.1%
Accra(8413)
60.1%
Riyadh(12281)
60.1%
Manila(15915)
60.1%
Tehran(11943)
60.1%
Kyiv(9648)
60.1%
Praia(5681)
60%
Abuja(9100)
60%
Monaco(8190)
60%
Singapore(17880)
60%
Budapest(8977)
60%
Bangkok(16488)
59.9%
Prague(8578)
59.9%
Asunción(5250)
59.9%
Tripoli(8943)
59.9%
San Marino(8581)
59.8%
Hanoi(15681)
59.8%
Sofia(9464)
59.8%
Addis Ababa(12348)
59.8%
Riga(8987)
59.8%
Zagreb(8803)
59.7%
Bamako(7372)
59.7%
Baghdad(11574)
59.7%
Belgrade(9170)
59.7%
Bucharest(9605)
59.7%
Abu Dhabi(12939)
59.6%
Male(15949)
59.6%
Nur-Sultan(11739)
59.6%
Islamabad(13453)
59.6%
Doha(12652)
59.6%
Khartoum(11442)
59.6%
Kabul(13168)
59.6%
Lomé(8544)
59.6%
Luanda(10332)
59.6%
Ulaanbaatar(12692)
59.6%
Andorra La Vella(7733)
59.6%
Dhaka(15179)
59.6%
Suva(12138)
59.6%
Windhoek(11160)
59.6%
Luxembourg(8000)
59.6%
Minsk(9310)
59.6%
Vaduz(8287)
59.6%
Kuala Lumpur(17677)
59.6%
Tallinn(8933)
59.6%
Bishkek(12652)
59.5%
Baku(11512)
59.5%
Monrovia(7271)
59.5%
Juba(11780)
59.5%
Mogadishu(13317)
59.5%
Muscat(13320)
59.5%
São Tomé(9324)
59.5%
Sarajevo(9046)
59.5%
Djibouti(12599)
59.5%
Beirut(10832)
59.5%
Port Moresby(15202)
59.5%
Apia(11002)
59.5%
Bratislava(8819)
59.5%
Harare(12450)
59.5%
Sana'a(12576)
59.5%
Tirana(9240)
59.5%
Amman(10968)
59.5%
Antananarivo(14182)
59.5%
% Correct
Niamey(8409)
59.5%
Victoria(14636)
59.5%
Brazzaville(10382)
59.5%
Damascus(10915)
59.5%
Manama(12514)
59.5%
N'Djamena(9797)
59.5%
Pyongyang(13265)
59.5%
Dili(17399)
59.5%
Taipei(14848)
59.5%
Nouakchott(6408)
59.4%
Ouagadougou(8061)
59.4%
Port Louis(15240)
59.4%
Vilnius(9140)
59.4%
Ljubljana(8685)
59.4%
Bangui(10434)
59.4%
Conakry(6869)
59.4%
Kathmandu(14594)
59.4%
Kuwait City(12103)
59.4%
Valletta(8971)
59.4%
Banjul(6447)
59.4%
Kampala(12055)
59.4%
Maputo(12778)
59.4%
Skopje(9343)
59.4%
Tashkent(12564)
59.4%
Bissau(6590)
59.4%
Kigali(11876)
59.4%
Libreville(9610)
59.4%
Nicosia(10594)
59.4%
Yaoundé(9708)
59.4%
Lusaka(12106)
59.4%
Pristina(9299)
59.4%
Sri Jayawardenepura Kotte(16266)
59.4%
Funafuti(11784)
59.4%
Podgorica(9158)
59.4%
Porto-Novo(8681)
59.4%
Tarawa(12101)
59.4%
Vientiane(16030)
59.4%
Gaborone(12092)
59.3%
Tbilisi(11086)
59.3%
Yaren(12810)
59.3%
Asmara(12073)
59.3%
Chisinau(9693)
59.3%
Dodoma(12615)
59.3%
Honiara(13846)
59.3%
Phnom Penh(16740)
59.3%
Yerevan(11160)
59.3%
Palikir(13393)
59.3%
Malabo(9419)
59.3%
Maseru(12342)
59.3%
Moroni(13576)
59.3%
Port Vila(13176)
59.3%
Ashgabat(12239)
59.3%
Bandar Seri Begawan(17178)
59.3%
Dushanbe(12789)
59.3%
Lilongwe(12637)
59.3%
Mbabane(12642)
59.3%
Ramallah(10909)
59.3%
Thimphu(14767)
59.3%
Yamoussoukro(7833)
59.3%
Gitega(11846)
59.3%
Majuro(12064)
59.3%
Naypyidaw(15761)
59.3%
Ngerulmud(15565)
59.3%
Nukuʻalofa(11571)
59.3%
🌟 Kingston 🌟
59.3%
Remove Ads.
Support Sporcle.
Get the best of Sporcle when you Go Orange. This ad-free experience offers more features, more stats, and more fun while also helping to support Sporcle. Thank you for becoming a member.

You're not logged in!

Compare scores with friends on all Sporcle quizzes.
OR
Log In

Show Comments

Extras

Top Quizzes Today


Score Distribution

Your Account Isn't Verified!

In order to create a playlist on Sporcle, you need to verify the email address you used during registration. Go to your Sporcle Settings to finish the process.

Report this User

Report this user for behavior that violates our Community Guidelines.

Details: